000 00283nam a22001217a 4500
005 20170915173605.0
008 170915b xxu||||| |||| 00| 0 eng d
022 _a0253-7338
245 _aActa Ciencia Indica
260 _aUP
_bPragati Publishers
_c2017
300 _a104
942 _cJRL
999 _c5560
_d5558